[Event "World Amateur-ch"]
[Site "Iasi"]
[Date "2013.04.30"]
[Round "9"]
[White "Antal, Istvan"]
[Black "Faranka, Khaled"]
[Result "1/2-1/2"]
[WhiteElo "1991"]
[BlackElo "1823"]
[PlyCount "32"]
[EventDate "2013.04.22"]
[EventType "swiss"]
[EventRounds "9"]
[EventCountry "ROU"]
[SourceTitle "CBM 154 Extra"]
[Source "ChessBase"]
[SourceDate "2013.06.25"]
[SourceVersion "2"]
[SourceVersionDate "2013.06.25"]
[SourceQuality "1"]

1. d4 Nf6 2. Nf3 d5 3. c4 e6 4. Nc3 c6 5. Bg5 Be7 6. e3 Nbd7 7. cxd5 exd5 8. Bd3 h6 9. Bh4 0-0 10. 0-0 Ne4 11. Bxe7 Qxe7 12. Rc1 f5 13. Qe2 Kh8 14. Nd2 Ndf6 15. Nf3 Nd7 16. Nd2 Ndf6 1/2-1/2